Państwa odwiedzone przez użytkowników JetPunk Polska - Statystyki

Ogólne statystyki
  • Ten quiz został rozwiązany 93 razy
    18 od ostatniego zresetowania
  • Średni wynik to 63 z 81
Statystyki odpowiedzi
Państwo % Poprawnych
Andora
100%
Dania
100%
Francja
100%
Rosja
100%
Szwajcaria
100%
Szwecja
100%
Turcja
100%
Ukraina
100%
Włochy
100%
Austria
94%
Belgia
94%
Bułgaria
94%
Czechy
94%
Egipt
94%
Holandia
94%
Niemcy
94%
Norwegia
94%
Polska
94%
Rumunia
94%
Słowenia
94%
Stany Zjednoczone
94%
Watykan
94%
Węgry
94%
Białoruś
88%
Brazylia
88%
Estonia
88%
Finlandia
88%
Grecja
88%
Hiszpania
88%
Irlandia
88%
Islandia
88%
Japonia
88%
Liechtenstein
88%
Luksemburg
88%
Maroko
88%
Monako
88%
Portugalia
88%
Słowacja
88%
Albania
81%
Argentyna
81%
Bośnia i Hercegowina
81%
Chiny
81%
Chorwacja
81%
Kosowo
81%
Litwa
81%
Łotwa
81%
Macedonia Północna
81%
Meksyk
81%
Peru
81%
San Marino
81%
Serbia
81%
Tajlandia
81%
Wielka Brytania
81%
Chile
75%
Korea Południowa
75%
Malta
75%
Tunezja
75%
Urugwaj
75%
Indonezja
69%
Izrael
69%
Kuba
69%
Mołdawia
69%
Boliwia
63%
Cypr
63%
Gruzja
63%
Malezja
63%
Paragwaj
63%
Wietnam
63%
Zjednoczone Emiraty Arabskie
63%
Filipiny
56%
Katar
56%
Czarnogóra
50%
Singapur
50%
Tajwan
50%
Tanzania
50%
Bahamy
38%
Jordania
38%
Grenada
31%
Sri Lanka
31%
Saint Lucia
19%
Saint Vincent i Grenadyny
19%
Nie znaleziono quizów pasujących do podanych kryteriów
Rozkład punktacji
Procent ludzi z każdym wynikiem
Percentyl według liczby udzielonych odpowiedzi
Twoja historia wyników
Nie rozwiązałeś tego quizu od ostatniego zresetowania